[Event "Biel GM"]
[Site "Biel"]
[Date "2001.07.29"]
[Round "6"]
[White "Lautier, Joel"]
[Black "Pelletier, Yannick"]
[Result "1/2-1/2"]
[WhiteElo "2675"]
[BlackElo "2531"]
[Annotator "Lutz,C"]
[PlyCount "72"]
[EventDate "2001.07.23"]
[EventType "tourn"]
[EventRounds "10"]
[EventCountry "SUI"]
[EventCategory "16"]
[SourceTitle "CBM 085"]
[Source "ChessBase"]
[SourceDate "2001.11.13"]
[SourceVersion "1"]
[SourceVersionDate "2001.11.13"]
[SourceQuality "1"]

1. d4 d5 2. c4 c6 3. Nc3 Nf6 4. e3 e6 5. Nf3 Nbd7 6. Bd3 dxc4 7. Bxc4 b5 8. Bd3
Bb7 9. O-O b4 10. Na4 $5 {Dieser Zug gilt als weniger kritisch.} (10. Ne4 {
ist die Hauptfortsetzung.}) 10... c5 11. dxc5 Bxc5 12. Nxc5 Nxc5 13. Bb5+ Ke7 {
Schwarz hat zwar die Rochade und das Läuferpaar verloren, hat dafür aber eine
gute Kontrolle über die Zentralfelder und eine schnelle Enwicklung. Der Lc1
kommt momentan nicht gut ins Spiel. Die bisherigen Ergebnisse in dieser
Variante sind zufriedenstellend für Schwarz.} 14. Bd2 a5 (14... Bxf3 15. gxf3
Qb6 16. Qe2 a5 17. Rfd1 Rhd8 18. Be1 Rab8 19. Bc4 Nfd7 20. f4 e5 21. f5 e4 22.
Rd5 Nf6 23. Rxd8 Rxd8 $11 {1/2-1/2 Sellos,D-Bacrot,E/Cannes 1994/EXT 97 (55)})
15. Nd4 (15. Qe2 Qb6 16. Rfc1 Rhd8 17. Be1 Kf8 18. Nd2 Rab8 19. a3 Bd5 20. axb4
axb4 21. Bc4 Kg8 $11 {1/2-1/2 Piket,J-Anand,V/Tilburg 1998/EXT 99 (21)}) 15...
Qd5 (15... Qb6 16. a3 b3 17. Rc1 Rhd8 18. Qe2 e5 19. Nf5+ Kf8 20. Bc3 Nce4 21.
Ng3 {1/2-1/2 Piket,J-Bareev,E/Dortmund 2000/CBM 78 (21)}) 16. f3 Rhd8 17. Be1
e5 18. Nf5+ Kf8 19. Qxd5 Nxd5 20. Rc1 Ne6 21. e4 Ne7 22. Nxe7 Kxe7 $11 23. Bf2
{Weiß hat den Läufer ins Spiel gebracht, aber die Stellung hat sich bereits zu
sehr vereinfacht.} Ba6 24. Bxa6 Rxa6 25. Be3 Rad6 26. Kf2 Kd7 27. g3 Rc8 28.
Rxc8 Kxc8 29. Rc1+ Kd7 30. f4 f6 31. f5 Nd8 32. Rc5 Nb7 33. Rc2 Rc6 34. Rd2+
Rd6 35. Rc2 Rc6 36. Rd2+ Rd6 1/2-1/2

[Event "Biel GM"]
[Site "Biel"]
[Date "2001.07.24"]
[Round "2"]
[White "Gelfand, Boris"]
[Black "Pelletier, Yannick"]
[Result "1-0"]
[WhiteElo "2714"]
[BlackElo "2531"]
[Annotator "Lutz,C"]
[PlyCount "110"]
[EventDate "2001.07.23"]
[EventType "tourn"]
[EventRounds "10"]
[EventCountry "SUI"]
[EventCategory "16"]
[SourceTitle "CBM 085"]
[Source "ChessBase"]
[SourceDate "2001.11.13"]
[SourceVersion "1"]
[SourceVersionDate "2001.11.13"]
[SourceQuality "1"]

1. d4 {Gelfand} d5 2. c4 c6 3. Nc3 Nf6 4. e3 e6 5. Nf3 Nbd7 6. Bd3 dxc4 7. Bxc4
b5 8. Bd3 Bb7 9. O-O b4 10. Ne4 Be7 11. a3 Nxe4 {11... bxa3 12.Sxf6+ führt zur
gleichen Stellung, aber mit einem Zug weniger.} (11... bxa3 12. Nxf6+ Nxf6 13.
bxa3 (13. b3 {würde in die Hauptpartie überleiten.}) 13... O-O 14. Rb1 Qc7 15.
e4 c5 16. Bf4 (16. Qc2 Rac8 $5 17. e5 Nd5 18. Bxh7+ Kh8 19. Be4 cxd4 20. Qd3
Nb6 21. Nxd4 Bxe4 22. Qxe4 Kg8 $44 {1/2-1/2 Chernin,A-Novikov,I/New York 1998/
CBM 64/[Lutz] (27)}) 16... Qc8 17. Bg5 (17. Qe2 c4 18. Bc2 Bxa3 19. e5 {
1/2-1/2 Tkachiev,V-Novikov,I/Isle of Man 1996/EXT 97 (19)}) 17... h6 $6 18.
Bxf6 Bxf6 19. dxc5 $16 {1-0 Krasenkow,M-Novikov,I/EUCup f 1997/CBM 63/
[Krasenkow] (61)}) 12. Bxe4 Nf6 13. Bd3 bxa3 14. b3 $146 {?!' Gelfand.
Seltsamerweise ist dieser Zug eine Neuerung. Zwar bekommt Weiß jetzt nicht die
b-Linie, aber er kommt zum Abtauch der schwarzfeldrigen Läufer und der Pa7 ist
schwächer als der Pb3.} (14. bxa3 {(siehe auch die Anmerkungen zu 11... Nxe4)}
O-O 15. Rb1 Qc8 $5 (15... Qc7 {siehe oben}) 16. e4 c5 17. e5 Nd7 18. Ng5 h6 19.
Qh5 Bxg5 20. Bxg5 Bd5 $13 {1/2-1/2 Tkachiev,V-Piket,J/Cannes 2000/CBM 77/[Lutz]
(30)}) (14. bxa3 $14 {Gelfand}) 14... Qb6 {'!' Gelfand.} 15. Qc2 c5 16. Bxa3
cxd4 (16... Rc8 {ist nachteilig für Schwarz} 17. Rfc1 Nd7 (17... cxd4 18. Qxc8+
Bxc8 19. Rxc8+ Bd8 20. Nxd4 $40) 18. Qd1 cxd4 19. Rxc8+ Bxc8 20. Bxe7 Kxe7 21.
Nxd4 $36) 17. Nxd4 {Weiß lässt auf a3 tauschen, da er so seinen Turm besser
entwickeln kann.} (17. Bxe7 {verdirbt zwar dem Schwarzen die Rochade, bringt
aber sonst nicht viel ein.} Kxe7 18. Nxd4 Rhc8 $132) 17... Bxa3 18. Rxa3 (18.
Bb5+ $2 {(Gelfand)} Kf8 19. Rxa3 e5 $19) 18... O-O 19. Rfa1 Rfc8 20. Qd2 e5 $6
{Das Problem mit diesem Zug besteht darin, dass der e-Bauer schwach wird,
sollte Schwarz nicht unmittelbar aus dem Raumgewinn Profit schlagen können.
Zwar wird der weiße Springer nach g3 zurückgedrängt, aber dies wirkt sich 
(zumindest in der Partie) nicht nachteilig aus.} (20... a6 $5 $11 {sieht
besser aus. Ich glaube nicht, dass Weiß etwas Ernsthaftes hat.}) (20... Ne4 {
Gelfand} 21. Qa5 $14) 21. Nf5 Rd8 22. Qc3 g6 (22... Qe6 $5 {ist interessant:}
23. Rxa7 {(andere Züge stellen keine Probleme)} Rxa7 24. Rxa7 Be4 (24... Qxf5
25. Rxb7 {und die schwache schwarze Grundreihe wirkt sich aus.}) (24... e4 25.
Bf1 Qxf5 26. Rxb7 $16) 25. Ne7+ Kf8 26. Be2 $16 {und obwohl der weiße Springer
gefährdet erscheint, kann Schwarz dies nicht ausnutzen.}) 23. Ng3 Qc6 $6 {
Der Damentausch löst die schwarzen Probleme nicht.} (23... a6 24. Bf1 Qd6 $14)
(23... Nd5 $1 {Gelfand} 24. Qxe5 (24. Qa5 {Gelfand} Qxa5 25. Rxa5 Nxe3) 24...
Nxe3 25. Ne4 (25. Qxe3 {(Gelfand)} Qxe3 26. fxe3 Rxd3 27. Rxa7 Rb8 $15 (27...
Rxa7 {Gelfand} 28. Rxa7 Rxb3 $15)) (25. Bxg6 {Gelfand} Ng4) 25... Ng4 $11) 24.
Qxc6 Bxc6 25. Bf1 {'!' Gelfand. Das wesentliche Problem ist, dass Schwarz zwei
Schwächen hat (a7 und e5), während Weiß nur eine (b3) hat.} (25. Bc4 {Gelfand}
Bd5) 25... Rdb8 (25... Bd5 26. b4) (25... Rab8 {Gelfand} 26. Bc4 (26. Ra6 {
Gelfand} Rb6 27. Bc4 Bd5 28. Rxa7 Bxc4 29. bxc4 Rb2 $14)) 26. Bc4 (26. Ra6 Rb6
27. Bc4 Bd5 28. Rxa7 Rxa7 29. Rxa7 Bxc4 30. bxc4 Rb1+ 31. Nf1 Ne4 $132) 26...
Bd5 (26... Rb7 $5 {Gelfand} 27. Ra5 Nd7 $14) 27. Bxd5 Nxd5 28. Ne4 {Der
Springer betritt wieder die Szene.} Rb4 29. Nd2 {'!?' Gelfand.} (29. Nc5 {
Gelfand} Rb5 30. Ra5 $14) 29... Rb7 30. Ra5 Rd8 31. Ne4 Nc7 (31... Kg7 32. Nc5
Rc7 33. Rd1 Rcc8 34. h4 {/\ e4}) 32. Rxe5 Rxb3 33. g4 $16 {Zwar herrscht
materieller Gleichstand, aber Weiß ist weiterhin am Drücker, da der a-Bauer
momentan eine Schwäche ist und Weiß am Königsflügel Raum gewinnt.} (33. Re7 {
Gelfand} Ra3 34. Rb1 Nd5) 33... a6 34. Rc5 Rb7 35. Kg2 Ra7 36. f4 {'?!'
Gelfand.} (36. Raa5 $16 {(Gelfand) /\Rc6}) 36... Kg7 37. Kf3 Rd5 38. Rc6 $1 {
Weiß lässt beide Turmppare auf dem Brett, muss aber dafür den a-Bauer
vorrücken lassen.} (38. Rxd5 Nxd5 39. Ra5 Nb4 40. Nc5 {war Gelfand zu wenig.})
38... a5 39. Nf6 Rd8 40. Ra4 Ne8 (40... Ne6 {Gelfand} 41. g5 h6 42. h4 $14) 41.
g5 h6 42. h4 Nxf6 (42... hxg5 43. hxg5 $16) 43. gxf6+ Kh7 44. Ke2 (44. e4 {
Gelfand} Rd3+ 45. Ke2 (45. Kf2 {Gelfand} Rb7) 45... Rh3) 44... Rd5 45. e4 Rh5
46. Rac4 $1 (46. e5 {Gelfand} Rf5 $5) (46. Rd4 {Gelfand} Rxh4 47. Rd8 Rxf4 48.
Rcc8 g5) 46... Rxh4 47. e5 $18 {'!' Gelfand. So wie es aussieht, erweisen sich
die weißen Bauern in der Mitte als stärker als die schwarzen Freibauern.
Genaue Berechnung ist allerdings erforderlich.} (47. Rc7 {Gelfand} Rxc7 48.
Rxc7 Rxf4 49. Rxf7+ Kg8) 47... g5 {'?' Gelfand.} (47... a4 $1 {(Gelfand)} 48.
Rc7 Rxc7 49. Rxc7 Rxf4 50. Rxf7+ Kg8 51. Rg7+ Kf8 52. Ke3 g5 53. Rh7 a3 54. Ra7
h5 55. Rxa3 Kf7 $1 56. Ra7+ Ke6 $11 57. Re7+ $140 (57. Rg7 {Gelfand} Rf5) 57...
Kd5 58. f7 h4 59. e6 h3 60. Re8 h2) 48. f5 Rxc4 (48... a4 49. e6) 49. Rxc4 a4
50. e6 fxe6 (50... a3 51. e7 a2 52. Rc1 $1 (52. e8=Q $2 a1=Q $19) 52... Ra8 53.
Ra1 h5 54. Kf1 h4 55. Rxa2 $18) 51. fxe6 Kg6 52. e7 Ra8 53. Rxa4 Rb8 (53... Re8
54. Ra6 h5 55. Kf3 h4 56. Kg4 Kf7 57. Rd6 $18) 54. Ra6 h5 55. Rd6 Rb2+ {
und Schwarz gab sich geschlagen. Eine saubere technische Leistung von Gelfand.}
1-0

[Event "Dallas UTD"]
[Site "Dallas"]
[Date "2004.12.14"]
[Round "8"]
[White "Moiseenko, Alexander"]
[Black "Novikov, Igor A"]
[Result "1-0"]
[WhiteElo "2653"]
[BlackElo "2588"]
[Annotator "Lutz,C"]
[PlyCount "97"]
[EventDate "2004.12.07"]
[EventType "tourn"]
[EventRounds "9"]
[EventCountry "USA"]
[EventCategory "10"]
[SourceTitle "CBM 105"]
[Source "ChessBase"]
[SourceDate "2005.04.11"]
[SourceVersion "1"]
[SourceVersionDate "2005.04.11"]
[SourceQuality "1"]

1. d4 d5 2. c4 e6 3. Nc3 c6 4. e3 Nf6 5. Nf3 Nbd7 6. Bd3 dxc4 7. Bxc4 b5 8. Bd3
Bb7 9. O-O b4 10. Ne4 Be7 11. Nxf6+ Nxf6 12. e4 O-O 13. e5 Nd7 14. Be4 Rb8 15.
a3 bxa3 16. b4 $5 {Die Idee von V. Milov.} h6 (16... f5 $1 {ist der kritische
Zug, der die schwarzen Probleme löst. Nach 17.exf6 Nxf6 hängt der Pb4 wirklich,
während nach Rückzug des Be4 der schwarze Pf5 weiße Aktivitäten am
Königsflügel verhindert. Schwarz hat Ausgleich, z.B.} 17. Bd3 Nb6 18. Bxa3 Nd5
19. Bc4 Qd7 20. Qd2 Rfd8 21. Rfb1 Ba8 22. Rb3 Nb6 23. Be2 Nd5 24. Rab1 Rb6 25.
Ne1 Nc7 26. Nc2 $2 c5 $1 $17 27. bxc5 Qd5 28. c6 Bxc6 29. Bf1 Rxb3 30. Rxb3
Qxb3 31. Bxe7 Rd7 32. Bc5 Bb5 33. Bxb5 Qxb5 34. Qc1 Nd5 35. Na3 Qb3 36. h4 Nc3
37. Kh2 Ne2 38. Qa1 a6 39. Bd6 Rb7 40. Qe1 Nxd4 41. Qc1 h5 42. Qd2 Nb5 43. Qg5
Nxd6 {0-1 Tkachiev,V-Fressinet,L/Enghien les Bains 2001/CBM 83/[Lutz] (43)}) (
16... Bxb4 $2 17. Bxh7+ $1) (16... a5 $2 17. bxa5 Qxa5 18. Bxa3 Bxa3 19. Bxh7+
$1) 17. Bb1 (17. Bd2 c5 $5 (17... f5 $5) 18. Bxb7 cxb4 19. Be4 (19. Ba6 b3 20.
Bc4 b2 21. Rb1 Nb6 22. Ba2 Nd5) 19... b3 20. Qe2 Nb6 21. h4 Qd7 22. Bd3 Qd5 23.
Be4 Qd7 24. Bd3 Qd5 25. Be4 Qd7 {1/2-1/2 Kaidanov,G-Vasquez,R/Buenos Aires
2003/CBM 97/[Lutz] (25)}) 17... Bxb4 {Dieser Zug wurde von mir in den
Kommentaren zu Avrukh,B/Vera,R als Verbesserung gegenüber 17...Re8 bewertet,
aber anscheinend ist Schwarz auch hier Problemen ausgesetzt.} (17... Re8 18.
Qd3 Nf8 19. Bxa3 $16 Qb6 20. Qc3 Ba8 21. Be4 Bxb4 22. Bxb4 Qxb4 23. Qxb4 Rxb4
24. Rxa7 Rc8 25. Rc1 Bb7 26. Kf1 g5 27. Ke1 Ra8 28. Rxa8 Bxa8 29. h3 Nd7 30.
Ra1 Bb7 31. Ra7 Kf8 32. Kd2 Ke7 33. Kc3 Rb6 34. Nd2 $18 Bc8 35. Nc4 Rb8 36. Nd6
f6 37. Bxc6 fxe5 38. Nxc8+ Rxc8 39. Rxd7+ Kf6 40. Rd6 {1-0 Avrukh,B-Vera,R/
Istanbul 2000/EXT 2001/[Lutz] (40)}) 18. Qd3 f5 19. exf6 Nxf6 20. Bxh6 $5 {
Dieser Zug betont die Schwächung des schwarzen Königsflügels. In den nächsten
Zügen ist Weiß immer in der komfortablen Situation, Dauerschach zu geben oder
aber weiter auf Gewinn zu spielen.} gxh6 21. Qg6+ Kh8 22. Qxh6+ Kg8 23. Qg5+
Kh8 ({Der schwarze König kann nicht herauslaufen:} 23... Kf7 24. Ne5+ Ke7 25.
Qg7+ Kd6 26. Nc4+ Kd5 27. Qg5+ Kxd4 28. Qe5+ Kxc4 29. Ba2+ Kd3 30. Qe3+ Kc2 31.
Bb3+ Kb2 32. Rfb1#) 24. Qh4+ Kg8 25. Qg3+ Kh8 26. Ne5 $5 {Bringt den Springer
heran.} Bd6 27. Qh4+ Kg8 28. Qg5+ Kh8 29. Ng6+ Kg7 30. Nf4+ Kh8 31. Qh6+ Kg8
32. Ba2 $5 {... und jetzt wird der Läufer auf eine andere Diagonale gebracht.
Schwarz muss weiterhin die einzigen Züge spielen.} Nd5 33. Qg6+ Kh8 34. Qh5+
Kg8 35. Qg4+ Kh8 36. Ng6+ Kg7 37. Bxd5 exd5 38. Nxf8+ {Damit entschließt sich
Weiß, das sichere Dauerschach fahren zu lassen und stattdessen weiter das
Glück im Angriff zu versuchen.} Kxf8 39. Qe6 Bc8 (39... Kg7 $5 $11) (39... Qe7
40. Qh6+ Kf7 $5 $11) 40. Qh6+ Kg8 41. Qg6+ Kf8 42. Rfe1 Rb7 43. Rac1 Bb4 $6 {
Dieser Zug gefällt mir nicht so richtig.} (43... Rg7 $5) 44. Re3 Rg7 45. Qh5
Bg4 46. Qh8+ Rg8 47. Qh6+ Rg7 48. h3 (48. Rxc6 $5 a2 49. Ra6 (49. Qh8+ Kf7 50.
Rf6+ Kxf6 51. Qxd8+ Kg6 52. Qe8+ Kh7 $13) 49... Kg8 $13) 48... Bf5 $2 {Schwarz
bricht unter dem anhaltenden Angriff zusammen.} (48... Bd2 {ist die beste
Verteidigung.} 49. hxg4 Bxc1 50. Qh8+ Rg8 51. Rf3+ Ke7 52. Qe5+ Kd7 53. Rf6 $40
{mit Angriff.}) 49. Rg3 $18 1-0

[Event "ISL-ISR"]
[Site "Reykjavik"]
[Date "1996.??.??"]
[Round "2"]
[White "Greenfeld, Alon"]
[Black "Thorsteins, Karl"]
[Result "1/2-1/2"]
[WhiteElo "2560"]
[BlackElo "2500"]
[Annotator "Lutz,C"]
[PlyCount "37"]
[EventDate "1996.04.??"]
[EventType "team"]
[EventRounds "2"]
[EventCountry "ISL"]
[SourceTitle "CBM 053"]
[Source "ChessBase"]
[SourceDate "1996.08.01"]
[SourceVersion "1"]
[SourceVersionDate "1996.08.01"]
[SourceQuality "1"]

1. Nf3 Nf6 2. c4 c6 3. Nc3 d5 4. d4 e6 5. e3 Nbd7 6. Bd3 dxc4 7. Bxc4 b5 8. Bd3
Bb7 9. O-O b4 10. Ne4 Be7 11. Nxf6+ Nxf6 12. e4 {Möglicherweise biete dieses
System dem Weißen Aussichten auf einen kleinen Vorteil. Es ist jedenfalls ein
Fingerzeig, daß Kramnik anstelle von 9...a6 9...b4 bevorzugt, was jedoch den
Übergang zur Reynolds-Variante 10.e4 c5 11.d5 erlaubt. Man vergleiche auch das
Survey von L.Costa in CBM 46!} O-O 13. e5 Nd7 14. Be4 Rb8 15. Qc2 h6 16. Be3 c5
17. Bxb7 Rxb7 18. dxc5 (18. Qe4 Qb8 19. Rfd1 $14 {Anand,V}) 18... Nxc5 $10 {
Anand,V} 19. Rac1 (19. Rfd1 Qb8 20. Qc4 (20. Bxc5 Rc8 21. Bxa7 (21. Rd6 Bxd6
22. exd6 Rb5 $19 {Anand,V}) 21... Rxc2 22. Bxb8 Rxb8 23. Rab1 Ra8 24. Nd4 Rc5
25. Ra1 g5 $44 {Anand,V}) 20... Nd7 21. Qe4 Rc8 22. Rd2 Rbc7 23. Rad1 Rc4 24.
Rd4 Nb6 25. Qg4 Kf8 26. Qe4 Kg8 27. Qg4 Rxd4 28. Rxd4 Kf8 29. Qh5 Qc7 30. h4
Bc5 31. Rd2 Bxe3 32. fxe3 Nd5 33. Kf2 Qc5 34. Nd4 Nf6 35. Qf3 Qxe5 36. Rd1 Kg8
37. Qf4 Qd5 38. Ra1 e5 39. Qf5 Rc4 40. b3 exd4 {0-1 Beliavsky,A-Anand,V/Reggio
Emilia (09) ;CBM 27 1992}) (19. Bxc5 Qc8 20. Rac1 Rc7 $10 {Ftacnik,L}) 1/2-1/2

[Event "Lasker Memorial op"]
[Site "Barlinek"]
[Date "2001.07.18"]
[Round "3"]
[White "Krasenkow, Michal"]
[Black "Borovikov, Vladislav"]
[Result "1/2-1/2"]
[WhiteElo "2573"]
[BlackElo "2593"]
[Annotator "Lutz,C"]
[PlyCount "72"]
[EventDate "2001.07.19"]
[EventType "swiss"]
[EventRounds "10"]
[EventCountry "POL"]
[SourceTitle "CBM 085"]
[Source "ChessBase"]
[SourceDate "2001.11.13"]
[SourceVersion "1"]
[SourceVersionDate "2001.11.13"]
[SourceQuality "1"]

1. d4 d5 2. c4 c6 3. Nc3 Nf6 4. e3 e6 5. Nf3 Nbd7 6. Bd3 dxc4 7. Bxc4 b5 8. Bd3
Bb7 9. a3 b4 10. Ne4 Nxe4 11. Bxe4 bxa3 12. bxa3 Be7 $5 $146 {Dieser Zug ist
neu, normalerweise wird 12... Bd6 oder 12... Qc7 gespielt.} (12... Bd6 13. O-O
(13. Bd2 Rb8 (13... Qc7 14. Bb4 c5 15. Bxb7 Qxb7 16. dxc5 Bxc5 17. Bxc5 Nxc5
18. Qd4 Qb5 19. Qxg7 Nd3+ 20. Kd2 O-O-O 21. Nd4 Nc5) 14. O-O $5 (14. Qa4 c5 15.
Bxb7 Rxb7 16. dxc5 Bxc5 17. Ba5 Qb8 18. Rd1 O-O {1/2-1/2 Karpov,A-Kramnik,V/
Dortmund 1995/CBM 48/[Von Gleich] (18)}) 14... O-O (14... c5 $6 15. Bxb7 Rxb7
16. Bc3 $1 (16. d5 exd5 17. Bc3 Nf6 18. Bxf6 Qxf6 19. Qxd5 Rd7 20. Qa8+ Qd8 $14
) 16... O-O 17. d5 $14 {Gurevich,M-Novikov,I/Antwerp op/1995/0-1 (93)}) 15. Bb4
c5 16. dxc5 Bxc5 17. Bxb7 Rxb7 18. Nd4 Qb6 19. Bxc5 Qxc5 $11 {1/2-1/2 Karpov,
A-Kramnik,V/Monaco rapid 1996 (27)}) (13. Nd2 $5 $146 Qc7 14. Nc4 Be7 15. O-O
O-O 16. Rb1 Nf6 17. Bf3 $11 {1-0 Beliavsky,A-Galkin,A/New Delhi/Theran 2000/
CBM 81/[Lutz] (45)}) 13... O-O 14. Bb2 Rb8 15. Qc2 c5 16. Bxb7 Rxb7 17. dxc5
Bxc5 18. Rfd1 Qe7 19. a4 {1/2-1/2 Karpov,A-Anand,V/Lausanne 1998/CBM 63/
[Ftacnik] (19)}) (12... Qc7 13. O-O Bd6 14. Bb2 $1 (14. Rb1 O-O 15. Qc2 h6 16.
Bd2 Rab8 17. Bb4 c5 18. dxc5 Bxe4 19. Qxe4 Nxc5 20. Qg4 Nd3 21. Bxd6 Qxd6 22.
Qa4 Qc5 23. Nd4 Rfc8 $10 {Gelfand,B-Bareev,E/Linares (01)/1993/0.5 (29)}) 14...
O-O 15. Rc1 Nf6 $6 16. Bd3 Qe7 17. e4 $5 Bf4 18. Rc2 Rac8 19. Qb1 $1 $14 {
1-0 Bareev,E-Akopian,V/Leon 1995/CBM 48/[Bareev] (35)}) 13. Rb1 Qc7 14. Qc2 Rc8
15. O-O Nf6 16. Bd3 c5 17. e4 $5 {Weiß kämpft um die Initiative, das Geschehen
spitzt sich zu.} c4 18. Bf4 Qxf4 (18... Qd7 $6 {sieht verlockend aus,
funktioniert aber nicht:} 19. Ne5 $1 cxd3 20. Qb2 Qc7 21. Qb5+ $1 Bc6 22. Nxc6
Qxc6 (22... a6 23. Qxd3 $1 Qxc6 (23... Qxf4 24. Qxa6 Qc7 25. Nxe7 $18 {/\} Kxe7
26. Rb7) 24. Rfc1 Qa8 25. Rxc8+ Qxc8 26. Rb8) 23. Rfc1 Bc5 24. Rxc5 Qxb5 25.
Rxc8+ Ke7 26. Rc7+ Qd7 27. Rxd7+ Kxd7 (27... Nxd7 28. Rd1 $16) 28. f3 $16 {
, und der Pd3 wird fallen.}) 19. Rxb7 O-O 20. Bxc4 Bxa3 21. e5 Nd5 22. Qb3 Nb6
23. Bxe6 {Das ist die Pointe, Weiß gewinnt zwei Bauern.} fxe6 24. Qxa3 Nd5 25.
Qxa7 Qg4 {Trotz der zwei Mehrbauern ist die technische Aufgabe für Weiß nicht
einfach, da Schwarz amKönigsflügel angreifen kann und die Qa7 und Rb7 weit vom
Geschehen entfernt sind.} 26. h3 Qg6 27. Kh2 Kh8 $1 {Ein nützliche
prophylaktische Massnahme. Jetzt hängt der Pg7 nicht mehr mit Schach, falls
sich die Qg6 entfernt.} 28. Rfb1 $5 (28. Qa3 $5 Nf4 29. Rg1 {erschien
Krasenkow wohl als zu passiv.}) 28... Nf4 29. Nh4 Qh6 30. g3 Nd3 31. Rf7 (31.
Rb8 $5 {ist beachtenswert, führt aber auch nicht zum Vorteil.} Rxf2+ 32. Kh1
Rcf8 (32... Rff8 33. Rxc8 Rxc8 34. Qa6 Rc1+ 35. Rxc1 Qxc1+ 36. Kh2 Qd2+ 37. Ng2
h6 38. Qxe6 Ne1 39. Qc8+ Kh7 40. Qb7 Nxg2 41. Qxg2 Qxd4 42. Qe2 $16) 33. Rxf8+
(33. Qa3 g5 34. Qxd3 gxh4 35. g4 Qf4 36. Rxf8+ Qxf8 $132) 33... Rxf8 34. Rb8 g5
35. Qa8 Rxb8 36. Qxb8+ Kg7 $14) 31... g5 32. Ng2 Nxf2 {Damit hat Schwarz das
Unentschieden gesichert.} 33. h4 Ng4+ 34. Kh3 (34. Kg1 $2 gxh4 {ist nur für
Schwarz günstig.}) 34... Nf2+ 35. Kh2 Ng4+ 36. Kh3 Nf2+ 1/2-1/2

[Event "Monaco m"]
[Site "Monte Carlo"]
[Date "1996.??.??"]
[Round "4"]
[White "Piket, Jeroen"]
[Black "Dreev, Alexey"]
[Result "1/2-1/2"]
[WhiteElo "2570"]
[BlackElo "2670"]
[Annotator "Lutz,C"]
[PlyCount "115"]
[EventDate "1996.04.??"]
[EventType "match"]
[EventRounds "8"]
[EventCountry "MNC"]
[SourceTitle "CBM 053"]
[Source "ChessBase"]
[SourceDate "1996.08.01"]
[SourceVersion "1"]
[SourceVersionDate "1996.08.01"]
[SourceQuality "1"]

1. d4 d5 2. c4 c6 3. Nf3 Nf6 4. Nc3 e6 5. e3 Nbd7 6. Bd3 dxc4 7. Bxc4 b5 8. Bd3
Bb7 9. a3 b4 10. Ne4 c5 {Die schärfere Alternative zu 10...Ne4 11.Be4.
Allerdings scheint Weiß besser zu stehen.} (10... Nxe4) 11. Nxf6+ gxf6 12. O-O
cxd4 $5 {Bislang wurde 12...Qb6 versucht. Es erscheint logisch, direkt auf d4
zu nehmen und erst dann die Position der schwarzen Dame zu bestimmen. Schwarz
kommt dennoch in Probleme.} (12... Qb6 13. axb4 cxd4 14. Nxd4 Bxb4 15. Bd2 Rg8
16. f3 Rg5 17. Bxb4 Qxb4 18. Rf2 Rc5 19. Qd2 Qb6 20. b4 Rc7 21. Nb5 Rcc8 22.
Bf1 Ke7 23. Qd4 $14 {1/2-1/2 Moskalenko,V-Dreev,A/Alushta4 (01) ;CBM 42 1994 
(41)}) 13. Nxd4 (13. exd4 bxa3 14. bxa3 Bd6 {1/2-1/2 Lukacs,P-Horvath,C/
AUT-chT9495 ;EXP 45 1995 Schwarz hat keine Probleme hier.}) 13... Rg8 14. f3
Bd6 15. Qe1 $1 {[%csl Rb4,Rf6,Rh2][%cal Ye1h4,Yh4h2,Yh4b4,Yh4f6] Ein
hervorragender Zug.Von h4 deckt die weiße Dame h2 und greift gleichzeitig b4
und f6 an.} Qb8 16. Qh4 Ne5 17. Be2 Ke7 18. Bd2 {Die schwarze Initiative am
Königsflügel ist ins Stocken geraten. Nun kommen die weißen Aktivposten 
(schlechter Ke7, schwacher Damenflügel) zur Geltung.} bxa3 19. bxa3 a6 20. Rab1
Qa7 21. Kh1 Bxa3 22. Ba5 Rac8 23. Rfd1 Rg5 24. Qe1 Nd7 25. Ra1 Bc5 26. Nb3 Bxe3
$2 27. Qb4+ Ke8 28. Qd6 Qb8 (28... Bd5 29. Bb4 Bc5 30. Nxc5 Nxc5 31. Bb5+ $18)
(28... Bc6 29. Bb4) 29. Qxd7+ Kf8 30. Qd3 (30. Qd6+ $18) 30... Rh5 31. Bb4+ Kg7
32. Bd6 Qa7 33. Nd4 Bf2 34. Ra4 Rd5 35. Bg3 Bxg3 36. hxg3 Rh5+ 37. Kg1 e5 38.
f4 Rh6 39. Rb4 Rc7 40. f5 a5 41. Qe3 Bxg2 42. Ne6+ fxe6 43. Rg4+ Kf8 44. Qxa7
Rxa7 45. Kxg2 exf5 46. Rc4 Rg6 47. Bh5 Rg5 48. Be2 f4 49. g4 f5 50. Rc8+ Kg7
51. Kh3 fxg4+ 52. Kh4 Kh6 53. Bxg4 a4 54. Re8 a3 55. Re6+ Rg6 56. Rxe5 a2 57.
Ra1 Ra4 58. Re6 1/2-1/2